Diseño y desarrollo de unidades didácticas en la escuela primaria

Guardat en:
Dades bibliogràfiques
Autor principal: Tann, C. Sarah (Autor)
Format: Llibre
Idioma:espanyol
Publicat: Madrid Morata 1993
Edició:2a. ed
Col·lecció:Colección Pedagogía. Educación Infantil y Primaria
Matèries:
Etiquetes: Afegir etiqueta
Sense etiquetes, Sigues el primer a etiquetar aquest registre!

MARC

LEADER 00000nam a2200000 a 4500
001 UCO7771
003 CL-VaPUC
008 001124e19930000SP |||||||||||||||||spa|d
082 0 4 |a 375  |b TAN  |2 21 
100 0 |a Tann, C. Sarah  |e author  |9 452498 
245 1 0 |a Diseño y desarrollo de unidades didácticas en la escuela primaria 
250 |a 2a. ed 
300 |a 220 p 
942 |c BK 
945 |d 20001124 00:00:00  |a rbrito 
260 |a Madrid  |b Morata  |c 1993 
650 0 |a Currículo  |9 307290 
650 7 |a DESARROLLO DE LOS CURRICULOS  |2 CL-VaPUC  |9 338829 
650 0 |a Educación básica   |9 224933 
650 0 |a Evaluación de la educación   |9 237505 
583 |a last modification  |c 20001124 00:00:00  |k Rodrigo Vera 
490 0 |a Colección Pedagogía. Educación Infantil y Primaria 
999 |c 292649  |d 292647 
952 |0 0  |1 0  |4 0  |6 375_000000000000000_TAN_1993  |7 0  |8 A  |9 343688  |a BIBEDU  |b BIBEDU  |d 2019-11-20  |i 366788K  |o 375 TAN 1993  |p 366788K  |r 2019-11-20  |w 2019-11-20  |y BK  |k EPE